Stadt zu Bundesland #4 - Statistiken

Allgemein
  • Dieses Quiz wurde 175 mal gespielt
  • Das Durchschnittsergebnis liegt bei 13 aus 15
Antwortstatistiken
Stadt Bundesland % Korrekt
Buxtehude Niedersachsen
94%
Gera Thüringen
94%
Schweinfurt Bayern
92%
Cottbus Brandenburg
91%
Celle Niedersachsen
89%
Marburg Hessen
88%
Deggendorf Bayern
87%
Plauen Sachsen
86%
Soest Nordrhein-Westfalen
85%
Crailsheim Baden-Württemberg
82%
Gummersbach Nordrhein-Westfalen
82%
Neustadt an der Weinstraße Rheinland-Pfalz
82%
Montabaur Rheinland-Pfalz
80%
Quickborn Schleswig-Holstein
75%
Bad Doberan Mecklenburg-Vorpommern
70%
Keine übereinstimmenden Quizze gefunden
Verteilung der Resultate
Anzahl Personen mit jedem Resultat
Perzentil nach korrekt beantworteten Fragen
Ihre Resultats-Entwicklung
Sie haben dieses Quiz noch nicht gespielt